| 000 | 00496nam a2200181Ia 4500 | ||
|---|---|---|---|
| 005 | 20250423100312.0 | ||
| 008 | 250422s9999 xx 000 0 und d | ||
| 020 | _a978192900134 | ||
| 050 | _aRC 801 .F56/ | ||
| 100 | _aFloch, Martin H. | ||
| 245 | 0 | _aNetter’s Gastroenterology | |
| 260 | _aUSA | ||
| 260 | _bIcon Learning Systems | ||
| 260 | _c2005 | ||
| 300 | _a900 p | ||
| 650 | _a Gastroenterology. Gastrointestinal system--Diseases. Gastrointestinal Diseases. | ||
| 942 | _cBK | ||
| 999 |
_c32889 _d32889 |
||